00234nam a2200085Ia 4500008004100000041000800041100001900049245004500068260003500113241105s9999 xx 000 0 und d aeng aGaikwad Renuka aCenter For Diamond Design And Production bFinal Year B. Arch, BNCAc2014